000 00862nam a2200265Ia 4500
001 22054
005 20260320113338.0
008 260320s9999||||xx |||||||||||||| ||und||
020 _a9786124573194
041 _aESP
082 _a343
_bO31
100 _aOchoa Cardich, César,
_eCOR
245 0 _aConstitución & arbitraje
_b
246 _a
_5
_b
250 _aPrimera edición
260 _aLima :
_bFondo Editorial del Tribunal Constitucional,
_c2025
300 _a568 páginas :
_bcuadros ;
_c24 cm.
_e
440 _a(Miscelania constitucional)
_n
_v
650 _aCIS
653 _aDerecho constitucional - Perú; Arbitraje comercial internacional -Aspectos jurídicos
654 _aDER
700 _a
_c
856 _uhttps://0u214oycp-y-https-app-vlex-com.itmsp.museknowledge.com/
_zVéase además: Base de datos Vlex
942 _cLIB
_dJUS
_fMAT
_2ddc
_n
999 _c22054
_d22054